[Event "Top Loire 2012-2013"]
[Site "Loire"]
[Date "2013.05.04"]
[Round "9.1"]
[White "Cursoux, Gerard"]
[Black "Licata-Messana, Luc"]
[Result "0-1"]
[WhiteElo "1880"]
[BlackElo "2210"]
[PlyCount "66"]
[EventDate "2013.??.??"]

1. e4 e6 2. d4 d5 3. Nc3 Nf6 4. e5 Nfd7 5. f4 c5 6. Nf3 Nc6 7. Be3 a6 8. Qd2 b5
9. Ne2 Be7 10. g3 Bb7 11. Bh3 Nb6 12. b3 O-O 13. O-O c4 14. f5 exf5 15. Bxf5
Bc8 16. Bxc8 Qxc8 17. Nf4 Qf5 18. a4 bxa4 19. bxa4 Rad8 20. Rfb1 Na8 21. Kg2 f6
22. exf6 Rxf6 23. h4 Bd6 24. Rf1 Re8 25. Rae1 Nc7 26. Ng5 Qg4 27. Rf3 Ne7 28.
Bf2 h6 29. Ngh3 g5 30. hxg5 hxg5 31. Nxg5 Qxg5 32. Be3 Nf5 33. Nh3 Qg4 0-1

[Event "Top Loire 2012-2013"]
[Site "Loire"]
[Date "2013.05.18"]
[Round "9.2"]
[White "Buisine, Roman"]
[Black "Deville, Olivier"]
[Result "1-0"]
[WhiteElo "1640"]
[BlackElo "1958"]
[PlyCount "157"]
[EventDate "2013.??.??"]

1. e4 c5 2. Nf3 d6 3. Bb5+ Nd7 4. O-O a6 5. Bxd7+ Bxd7 6. c3 Nf6 7. Re1 e6 8.
d4 Qc7 9. Bg5 h6 10. Bxf6 gxf6 11. Nbd2 O-O-O 12. b4 c4 13. Qe2 b5 14. a4 bxa4
15. Qxc4 Qxc4 16. Nxc4 Bb5 17. Nb6+ Kb7 18. Nxa4 Rc8 19. Rec1 h5 20. Nb2 Bh6
21. Rc2 Bc4 22. Nxc4 Rxc4 23. Ra3 Rhc8 24. Rb3 Kb6 25. Ne1 Kb5 26. Ra3 e5 27.
dxe5 dxe5 28. Kf1 Rxe4 29. Nd3 Rd8 30. c4+ Kb6 31. Rxa6+ Kc7 32. Ra3 Bf8 33. g3
h4 34. Rb3 h3 35. f3 Re3 36. Rcc3 Rxf3+ 37. Ke2 e4 38. Nf4 Rxc3 39. Rxc3 Bxb4
40. Rc2 Be7 41. Ra2 Kb7 42. Nd5 Rd7 43. Ke3 f5 44. Kf4 Bc5 45. Kxf5 e3 46. Kf4
Rd6 47. Re2 Rc6 48. Kg4 Ba7 49. Kxh3 Rxc4 50. Nxe3 Re4 51. Rb2+ Kc6 52. Ng2 Bd4
53. Rc2+ Kd6 54. Nf4 Be3 55. Re2 f5 56. Ng2 Bh6 57. Rf2 Ke5 58. Nh4 f4 59. Ng6+
Kf5 60. Nh4+ Ke5 61. Nf3+ Kf6 62. g4 Bf8 63. Kg2 Bc5 64. Rc2 Be3 65. h4 Re8 66.
Rc6+ Re6 67. Rxe6+ Kxe6 68. Ng5+ Kf6 69. Kf3 Bd4 70. Nh3 Kg6 71. Nxf4+ Kh7 72.
g5 Bg7 73. Kg4 Kg8 74. Kf5 Kh7 75. h5 Kg8 76. Kg6 Bh8 77. Ne6 Be5 78. Nd8 Bc7
79. Nf7 1-0

[Event "Top Loire 2012-2013"]
[Site "Loire"]
[Date "2013.05.12"]
[Round "9.3"]
[White "Moleins, Adrien"]
[Black "Tchalimian, Pascal"]
[Result "1-0"]
[WhiteElo "1755"]
[BlackElo "1953"]
[PlyCount "53"]
[EventDate "2013.??.??"]

1. e4 c5 2. Nf3 d6 3. c3 Nf6 4. Bd3 Nc6 5. h3 e5 6. Bc2 Qb6 7. O-O Be7 8. d3
O-O 9. Nbd2 h6 10. Nc4 Qa6 11. Ne3 b5 12. Nh4 Nxe4 13. dxe4 Bxh4 14. Nd5 Bd8
15. f4 Qb7 16. f5 f6 17. Ne3 Bc7 18. Rf3 Nd8 19. Rg3 Kh8 20. Qh5 Rg8 21. Bb3
Qxe4 22. Bd5 Qd3 23. Bxa8 Bd7 24. Bd5 Be8 25. Qg4 h5 26. Qf3 h4 27. Be4 1-0

[Event "Top Loire 2012-2013"]
[Site "Loire"]
[Date "2013.05.18"]
[Round "9.4"]
[White "Furnon, Yannick"]
[Black "Andre, Gregory"]
[Result "0-1"]
[WhiteElo "1820"]
[BlackElo "1860"]
[PlyCount "40"]
[EventDate "2013.??.??"]

1. d4 Nf6 2. c4 e6 3. Nc3 Bb4 4. e3 c5 5. Bd3 O-O 6. a3 Ba5 7. Nge2 d5 8. O-O
cxd4 9. exd4 dxc4 10. Bxc4 a6 11. Bg5 Bc7 12. Ne4 b5 13. Bd3 Bb7 14. Nxf6+ gxf6
15. Bh6 Qd5 16. Nf4 Bxf4 17. Qg4+ Bg5 18. h4 Qxg2+ 19. Qxg2 Bxg2 20. Kxg2 Bxh6
0-1

[Event "Top Loire 2012-2013"]
[Site "Loire"]
[Date "2013.05.18"]
[Round "9.6"]
[White "Garon, Pierre"]
[Black "Pareux, Marc"]
[Result "1-0"]
[WhiteElo "1899"]
[BlackElo "1650"]
[PlyCount "73"]
[EventDate "2013.??.??"]

1. d4 g6 2. Nf3 d5 3. Bf4 Bg7 4. e3 Bg4 5. c4 e6 6. Qb3 Bxf3 7. Qxb7 dxc4 8.
gxf3 Qd5 9. Qxc7 Qxf3 10. Qc8+ Ke7 11. Qc7+ Nd7 12. Rg1 Ngf6 13. Bd6+ Ke8 14.
Nd2 Qf5 15. Qxc4 Nb6 16. Qc6+ Nfd7 17. Ba6 e5 18. Bc7 Qf6 19. d5 Qxc6 20. dxc6
Nc5 21. Bb7 Rc8 22. Bxc8 Nxc8 23. Ke2 e4 24. Rab1 f5 25. b4 Na4 26. Rb3 Nc3+
27. Ke1 Nxa2 28. Nc4 Bc3+ 29. Kd1 Bxb4 30. Kc2 Be7 31. Rgb1 Rf8 32. R1b2 Nb4+
33. Rxb4 Bxb4 34. Rxb4 f4 35. Bxf4 g5 36. Bg3 h5 37. h4 1-0

[Event "Top Loire 2012-2013"]
[Site "Loire"]
[Date "2013.05.18"]
[Round "9.7"]
[White "Doran, Niall"]
[Black "Bruel, Bruno"]
[Result "0-1"]
[WhiteElo "1703"]
[BlackElo "1770"]
[PlyCount "100"]
[EventDate "2013.??.??"]

1. e4 c5 2. Nf3 d6 3. c3 Nf6 4. Be2 Nbd7 5. d3 g6 6. O-O Bg7 7. Re1 O-O 8. Bf1
b6 9. a4 Bb7 10. Na3 a6 11. Bf4 e5 12. Bd2 Bc6 13. b4 b5 14. a5 Qc7 15. Nc2
Rfe8 16. Ne3 d5 17. exd5 Nxd5 18. Qb3 Nf4 19. Ng5 Ne6 20. Nd5 Qb7 21. c4 Nd4
22. Qa2 bxc4 23. dxc4 Bxd5 24. cxd5 cxb4 25. Rab1 b3 26. Qa4 Nc5 27. Qc4 Rec8
28. Qb4 Qxb4 29. Bxb4 Nc2 30. Rec1 Nxb4 31. Bc4 Nbd3 32. Rd1 b2 33. f3 Rab8 34.
h4 Rb4 35. Bxd3 Nxd3 36. Kh2 Rc1 37. d6 Rxh4+ 38. Kg3 Rd4 39. Rxd3 Rxd3 40.
Rxb2 Rxd6 41. Rb8+ Bf8 42. Rb7 Rf6 43. Ne4 Rfc6 44. Ng5 Rc7 45. Rb6 R1c6 46.
Rb2 Bh6 47. Ne4 f5 48. Nf2 Rc2 49. Rb6 Be3 50. Rb8+ Rc8 0-1

[Event "Top Loire 2012-2013"]
[Site "Loire"]
[Date "2013.05.18"]
[Round "9.8"]
[White "Carteron, Olivier"]
[Black "Longueville, Thomas"]
[Result "0-1"]
[WhiteElo "1720"]
[BlackElo "1779"]
[PlyCount "46"]
[EventDate "2013.??.??"]

1. d4 Nf6 2. Nf3 d5 3. c4 e6 4. Nc3 Be7 5. Bg5 b6 6. e3 Bb7 7. Bd3 dxc4 8. Bxc4
Ne4 9. Bxe7 Qxe7 10. Qa4+ Qd7 11. Bb5 c6 12. Bd3 Nxc3 13. bxc3 O-O 14. d5 cxd5
15. Bxh7+ Kxh7 16. Qh4+ Kg8 17. Ng5 Rc8 18. Qh7+ Kf8 19. Qh8+ Ke7 20. Qxg7 Qe8
21. f4 Qg8 22. Qd4 Rc4 23. Qe5 Nd7 0-1

[Event "Top Loire 2012-2013"]
[Site "Loire"]
[Date "2013.05.11"]
[Round "9.9"]
[White "Walter, Alain"]
[Black "Vier, Serge"]
[Result "0-1"]
[WhiteElo "1720"]
[BlackElo "1660"]
[PlyCount "114"]
[EventDate "2013.??.??"]

1. c4 e5 2. Nc3 Nf6 3. g3 Nc6 4. Bg2 Bc5 5. Nf3 d6 6. O-O O-O 7. d3 Bg4 8. h3
Be6 9. Ng5 Qd7 10. Nxe6 fxe6 11. Na4 Bb6 12. Nxb6 axb6 13. a3 d5 14. Bd2 Rad8
15. Bc3 Qf7 16. Qc2 Qg6 17. Rac1 e4 18. dxe4 Nxe4 19. Bxe4 dxe4 20. Rcd1 e3 21.
Qxg6 exf2+ 22. Kg2 hxg6 23. Rxd8 Nxd8 24. Rxf2 Nf7 25. Rf3 Nd6 26. Rxf8+ Kxf8
27. b3 Ne4 28. Be1 Kf7 29. Kf3 Nc5 30. b4 Nd7 31. Bc3 e5 32. g4 Ke6 33. g5 Kf5
34. h4 c5 35. e4+ Ke6 36. b5 Kd6 37. Kg4 Nf8 38. h5 gxh5+ 39. Kxh5 Ke6 40. a4
Kd6 41. a5 bxa5 42. Bxa5 Ke6 43. Bb6 Nd7 44. Ba5 b6 45. Bxb6 Nxb6 46. Kg6 Nxc4
47. Kxg7 Nb6 48. Kh7 c4 49. g6 Nd7 50. g7 Nf6+ 51. Kg6 c3 52. b6 c2 53. b7 c1=Q
54. b8=Q Qg1+ 55. Kh6 Qe3+ 56. Kg6 Qg3+ 57. Kh6 Qh4+ 0-1